000
00213 a2200097 4500
020
_a
9789355511522
100
_a
Gupta R.
_9
108128
245
_a
Digital Marketing
250
_a
2nd
260
_b
BPB Publications
_c
2023
999
_c
365425
_d
365425